Strojár : podnikový časopis pracujúcich, n.p. VSS Košice.
Uložené v:
| Médium: | Časopis |
|---|---|
| Jazyk: | Slovak |
| Vydané: |
Košice :
CZV KSS, ZV ROH, CZV ČSM a vedenie podniku,
1951-[1995]
|
| Tagy: |
Pridať tag
Žiadne tagy, Buďte prvý kto otaguje tento záznam!
|
Titul je dostupný aj v ... 

MARC
| LEADER | 00000nas a2200000 a 4500 | ||
|---|---|---|---|
| 001 | 000305708 | ||
| 003 | SVKK | ||
| 005 | 20180710132930.0 | ||
| 008 | 021125d19511995xo r|p||| |0 a0slo | ||
| 040 | |a BA001 |b slo | ||
| 080 | |a 621 |2 2002 | ||
| 080 | |a 331 |2 2002 | ||
| 245 | 0 | 0 | |a Strojár : |b podnikový časopis pracujúcich, n.p. VSS Košice. |
| 260 | |a Košice : |b CZV KSS, ZV ROH, CZV ČSM a vedenie podniku, |c 1951-[1995] |e (Košice : |f Východoslovenské tlačiarne) | ||
| 310 | |a 26x ročne | ||
| 362 | 0 | |a Roč. 1, č. 1 (7. nov. 1951) - [roč. 44 (1995)] |z Bg. do r.1980, BA001/2007 | |
| 500 | |a Menil podnázvy i formáty; mal viac príloh | ||
| 550 | |a Predchádzajúci vydavateľ Závody ťažkého strojárstva Košice | ||
| 910 | |a KE001 |b C.398 | ||
| 974 | |a hut | ||
| 998 | |a SE | ||
| 090 | |g CASOS |k Sklad |a C.398 |j 152232 |i 305708-150 |s Zviazaný časopis | ||
| 090 | |g CASOS |k Sklad |a C.398 |j 172157 |i 305708-140 |s Zviazaný časopis | ||
| 090 | |g CASOS |k Sklad Pribinova suterén |a C.398 |j 00000 |i 2720549242 |4 Silne poškodené |s Vyradená | ||
| 090 | |g CASOS |k Sklad Pribinova suterén |a C.398 |j 00000 |i 2720549243 |4 Silne poškodené |s Vyradená | ||
| 090 | |g CASOS |k Sklad Pribinova suterén |a C.398 |j 00000 |i 2720549244 |4 Silne poškodené |s Vyradená | ||
| 090 | |g CASOS |k Sklad Pribinova suterén |a C.398 |j 00000 |i 2720549245 |4 Silne poškodené |7 Č.1-2,4-8,10,12-14,16-34,53 |s Vyradená | ||
| 090 | |g CASOS |k Sklad Pribinova suterén |a C.398 |j 00000 |i 2720549246 |4 Silne poškodené |s Vyradená | ||
| 090 | |g CASOS |k Sklad Pribinova suterén |a C.398 |j 00000 |i 2720549247 |4 Silne poškodené |s Vyradená | ||
| 090 | |g CASOS |k Sklad Pribinova suterén |a C.398 |j 00000 |i 2720549248 |4 Silne poškodené |7 Č-1-2,4-9,13-16,18-24 |s Vyradená | ||
| 090 | |g CASOS |k Sklad Pribinova suterén |a C.398 |j 116641 |i 2720950379 |s Zviazaný časopis | ||
| 090 | |g CASOS |k Sklad Pribinova suterén |a C.398 |j 1721 |i 2720379969 |7 R.1951-1954 zviazané spolu; neúplný |s Zviazaný časopis | ||
| 090 | |g CASOS |k Sklad Pribinova suterén |a C.398 |j 172158 |i 2720581963 |s Zviazaný časopis | ||
| 090 | |g CASOS |k Sklad Pribinova suterén |a C.398 |j 177572 |i 2720581962 |s Zviazaný časopis | ||
| 090 | |g CASOS |k Sklad Pribinova suterén |a C.398 |j 177573 |i 2720581961 |s Zviazaný časopis | ||
| 090 | |g CASOS |k Sklad Pribinova suterén |a C.398 |j 177574 |i 2720581960 |s Zviazaný časopis | ||
| 090 | |g CASOS |k Sklad Pribinova suterén |a C.398 |j 179104 |i 2720581959 |s Zviazaný časopis | ||
| 090 | |g CASOS |k Sklad Pribinova suterén |a C.398 |j 182772 |i 2720581958 |s Zviazaný časopis | ||
| 090 | |g CASOS |k Sklad Pribinova suterén |a C.398 |j 184924 |i 2720581957 |s Zviazaný časopis | ||
| 090 | |g CASOS |k Sklad Pribinova suterén |a C.398 |j 186537 |i 2720581956 |s Zviazaný časopis | ||
| 090 | |g CASOS |k Sklad Pribinova suterén |a C.398 |j 206802 |i 2720581955 |s Zviazaný časopis | ||
| 090 | |g CASOS |k Sklad Pribinova suterén |a C.398 |j 27590 |i 2720379968 |7 R.1959-1962 zviazané spolu, neúplný |s Zviazaný časopis | ||
| 090 | |g CASOS |k Sklad Pribinova suterén |a C.398 |j 32222 |i 2720579506 |s Zviazaný časopis | ||
| 090 | |g CASOS |k Sklad Pribinova suterén |a C.398 |j 4003 |i 2720581946 |7 R.1955-1958 zviazané spolu; neúplný |s Zviazaný časopis | ||
| 090 | |g CASOS |k Sklad Pribinova suterén |a C.398 |j 85679 |i 2720386408 |s Zviazaný časopis | ||
| 090 | |g CASOS |k Sklad Zvonárska 19 |a C.398 |j 00000 |i 305708-300 |4 Silne poškodené |s Vyradená | ||
| 090 | |g CASOS |k Sklad Zvonárska 19 |a C.398 |j 00000 |i 2720386409 |4 Silne poškodené |s Vyradená | ||
| 090 | |g CASOS |k Sklad Zvonárska 19 |a C.398 |j 00000 |i 2720386410 |4 Silne poškodené |s Vyradená | ||
| 090 | |g CASOS |k Sklad Zvonárska 19 |a C.398 |j 00000 |i 305708-260 |4 Silne poškodené |s Vyradená | ||
| 090 | |g CASOS |k Sklad Zvonárska 19 |a C.398 |j 00000 |i 305708-250 |4 Silne poškodené |s Vyradená | ||
| 090 | |g CASOS |k Sklad Zvonárska 19 |a C.398 |j 118570 |i 2720984218 |s Zviazaný časopis | ||
| 090 | |g CASOS |k Sklad Zvonárska 19 |a C.398 |j 126567 |i 2720984822 |s Zviazaný časopis | ||
| 090 | |g CASOS |k Sklad Zvonárska 19 |a C.398 |j 127159 |i 2720875818 |s Zviazaný časopis | ||
| 090 | |g CASOS |k Sklad Zvonárska 19 |a C.398 |j 130665 |i 2720876430 |s Zviazaný časopis | ||
| 090 | |g CASOS |k Sklad Zvonárska 19 |a C.398 |j 133315 |i 2720947012 |s Zviazaný časopis | ||
| 090 | |g CASOS |k Sklad Zvonárska 19 |a C.398 |j 134111 |i 2720946716 |s Zviazaný časopis | ||
| 090 | |g CASOS |k Sklad Zvonárska 19 |a C.398 |j 144709 |i 2720950063 |s Zviazaný časopis | ||
| 090 | |g CASOS |k Sklad Zvonárska 19 |a C.398 |j 147235 |i 2720943581 |s Zviazaný časopis | ||
| 090 | |g CASOS |k Sklad Zvonárska 19 |a C.398 |j 149829 |i 2720550614 |4 Strata |s Návrh na vyradenie | ||